BASIC PRINCIPLES OF CHROMATOGRAPHY AND HPLC (Record no. 34444)

MARC details
000 -LEADER
fixed length control field 00317nam a22001337a 4500
003 - CONTROL NUMBER IDENTIFIER
control field SGT
020 ## - INTERNATIONAL STANDARD BOOK NUMBER
International Standard Book Number 9789395039062
082 ## - DEWEY DECIMAL CLASSIFICATION NUMBER
Classification number 543.8
Item number BIR
100 ## - MAIN ENTRY--PERSONAL NAME
Personal name BIRAJDAR ARUNADEVI S
245 ## - TITLE STATEMENT
Title BASIC PRINCIPLES OF CHROMATOGRAPHY AND HPLC
260 ## - PUBLICATION, DISTRIBUTION, ETC. (IMPRINT)
Place of publication, distribution, etc INDIA
Name of publisher, distributor, etc PHARMAMED PUB
Year of Publication 2023
300 ## - PAGE DESCRIPTION
No. of Pages 122
942 ## - ADDED ENTRY ELEMENTS (KOHA)
Source of classification or shelving scheme Dewey Decimal Classification
Koha item type Books
Holdings
Withdrawn status Lost status Source of classification or shelving scheme Damaged status Not for loan Collection code Home library Current library Shelving location Date acquired Vendor Name Cost, normal purchase price SGTU Bill Number Total Checkouts Full call number Accession No. (Barcode) Date last seen Bill Date Koha item type
    Dewey Decimal Classification     SCIENCE SGT Science & Social Sciences Library SGT Science & Social Sciences Library Text Book 25/03/2026 ABC 225.00 SGTU 22597   543.8 BIR DP1930 25/03/2026 09/03/2026 Books
    Dewey Decimal Classification     SCIENCE SGT Science & Social Sciences Library SGT Science & Social Sciences Library Text Book 25/03/2026 ABC 225.00 SGTU 22597   543.8 BIR DP1931 25/03/2026 09/03/2026 Books